| 000 | 01129nam a2200337 i 4500 | ||
|---|---|---|---|
| 003 | CO-BoRNBP | ||
| 005 | 20230317202039.0 | ||
| 007 | ta | ||
| 008 | 221207s2022 ck er 000 fdspa d | ||
| 020 | _a9786287565418 | ||
| 040 |
_aCO-BoRNBP _bspa _erda _cCO-BoRNBP |
||
| 041 | 0 | _aspa | |
| 043 | _an-mx--- | ||
| 084 | _aN RUL1 | ||
| 100 | 1 |
_aRulfo, Juan, _d1918-1986 _eautor _9408 |
|
| 245 | 1 | 0 |
_aPedro Páramo _cJuan Rulfo |
| 250 | _aEdición especial | ||
| 264 | 1 |
_aBogotá, Colombia _bEdiciones Urano Colombia _c2022 |
|
| 300 |
_a132 páginas _c21 cm. |
||
| 336 |
_atexto _btxt _2rdacontent |
||
| 337 |
_asin mediación _bn _2rdamedia |
||
| 338 |
_avolumen _bnc _2rdacarrier |
||
| 490 | 0 | _aPlan Nacional de Lectura y Escritura Leer es mi cuento / Ministerio de Cultura | |
| 521 | _aRecomendado para un público adulto | ||
| 545 | _aIncluye datos biográficos del autor | ||
| 650 | 1 | 7 |
_aNovela mexicana _ySiglo XX _2LEMB _9411 |
| 650 | 1 | 7 |
_aLiteratura mexicana _ySiglo XX _2LEMB _9412 |
| 650 | 1 | 7 |
_aRealismo mágico en la literatura _2LEMB _9422 |
| 650 | 1 | 7 |
_aProblemas sociales en la literatura _2LEMB _9423 |
| 942 | _cBKLIT | ||
| 999 |
_c9256 _d9256 |
||